Statistiques concernant Quiz sur l'Angola

Cliquez ici pour prendre le quiz!

Statistiques générales

  • Ce quiz a été pris 3 555 fois
  • Le résultat moyen est 10 sur 16

Statistiques - réponses

QuestionRéponse% Correct
Pays frontalier de l'Angola dont le nom commence par un ZZambie
96%
Religion la plus pratiquéeChristianisme
94%
Pays situé au sud de l'AngolaNamibie
90%
Langue officiellePortugais
87%
CapitaleLuanda
79%
L'Angola est le quatrième producteur mondial de ces pierres
précieuses, derrière la Russie, le Botswana et le Canada
Diamants
78%
Idéologie auquel l'État angolais adhérait de 1975 à 1992Communisme
73%
Durant l'ère coloniale, de nombreux angolais furent enlevés et réduits en
esclavage. Dans quel pays ont-ils été envoyés, pour la plupart ?
Brésil
69%
Plus longs fleuves qui traversent l'AngolaCongo
64%
Produit qui représente 97% des exportations angolaisesPétrole
63%
Pays qui reçoit près des deux tiers des exportations angolaisesChine
49%
L'Angola et la Lituanie ont très peu de choses en commun.
Ce sport est pourtant la discipline la plus pratiquée dans ces deux pays...
Basketball
43%
Plus longs fleuves qui traversent l'AngolaZambèze
42%
Exclave angolaise où se trouve plus de la moitié des réservesCabinda
18%
Ensemble de peuples, incluant notamment les Zoulous, qui a remplacé
les ethnies angolaises (Khoï, San) au Ier millénaire avant J.-C.
Bantous
16%
Devise monétaireKwanza
14%

Distribution des résultats

Percentile par nombre de réponses

% des personnes avec chaque résultat

Votre développement - résultats

Vous n’avez pas pris ce quiz